Riesgos laborales: cómo prevenirlos en el ambiente de trabajo (Registro nro. 3806)

Detalles MARC
000 -Cabecera
Campo de control de longitud fija 00957aam a2200337 4500
005 - Fecha y hora de la última transacción
Campo de control 20250925194430.0
008 - Elementos de longitud fija--Información general
Campo de control de longitud fija 150310b2012 xxu||||| |||| 00| 0 spa d
020 ## - International Standard Book Number
Número Internacional Estándar del Libro (ISBN) 9789587620023
041 ## - Idioma
Código de idioma Español
082 ## - Clasificación Decimal Dewey
Número de clasificación 613.62 A473r
100 ## - Entrada principal--Autor personal
Nombre personal Álvarez Heredia, Francisco
9 (RLIN) 8523
100 ## - Entrada principal--Autor personal
Nombre personal Faizal GeaGea, Enriqueta
245 ## - Título propiamente dicho
Título Riesgos laborales: cómo prevenirlos en el ambiente de trabajo
260 ## - Pie de imprenta
Lugar de publicación, distribución, etc. Colombia
260 ## - Pie de imprenta
Nombre del editor, distribuidor, etc. Ediciones de la U
260 ## - Pie de imprenta
Fecha de publicación, distribución, etc. 2012
300 ## - Descripción física
Extensión 228 páginas
490 ## - Serie
Título de la Serie Dirección de Educación Comunitaria y Asistencia Técnica
490 ## - Serie
Título de la Serie Temática General
650 ## - Materia general
Temática (materia general) SALUD OCUPACIONAL
650 ## - Materia general
Temática (materia general) MEDIO AMBIENTE
650 ## - Materia general
Temática (materia general) SEGURIDAD INDUSTRIAL
650 ## - Materia general
Temática (materia general) RIESGO OCUPACIONAL
650 ## - Materia general
Temática (materia general) RIESGO BIOLÓGICO
650 ## - Materia general
Temática (materia general) BIOSEGURIDAD
650 ## - Materia general
Temática (materia general) EXPLOCIONES
650 ## - Materia general
Temática (materia general) RIESGO VISUAL
650 ## - Materia general
Temática (materia general) ACCIDENTES DE TRABAJO
650 ## - Materia general
Temática (materia general) PRIMEROS AUXILIOS
942 ## - Punto de acceso adicional KOHA
Tipo de ítem KOHA Libro
Fuente del sistema de clasificación o colocación Dewey Decimal Classification
Existencias
Signatura completa Código de barras Programa Académico Tipo de ítem
613.62 A473r 18867   Libro
613.62 A473r 18868   Libro